00418cam a2200157ua 45000010005000000080039000050400009000440820013000531000028000662450050000942500009001442600040001533000016001936530027002096530024002364128111215n ii |||gr||||Z||||||asm cMAIN a891.45131 aBorooah, Jnanadabhiram,11aFolk tales of assamcby Jnanadabhiram Borooah a1st. aGuwahati:bSarada Prakashan,c2005. a80p:c23cm. aAssamese short stories aFolk tales of assam